#1 Hits on Billboard Dance Club Songs Chart (2018) - Statistics

General Stats
  • This quiz has been taken 5 times
  • The average score is 27 of 52
Answer Stats
Month Artist Song % Correct
June Calvin Harris & Dua Lipa One Kiss
100%
Bruno Mars & Cardi B Finesse
75%
Lady Gaga & Bradley Cooper Shallow
75%
September Christina Aguilera ft. Ty Dolla $ign & 2 Chainz Accelerate
50%
Diana Ross Ain't No Mountain High Enough 2017
50%
Sabrina Carpenter & Jonas Blue Alien
50%
March Alan Walker, Noah Cyrus & Digital Farm Animals All Falls Down
50%
November Sabrina Carpenter Almost Love
50%
July Halsey ft. Big Sean & Stefflon Don Alone
50%
Celine Dion Ashes
50%
Pink Beautiful Trauma
50%
Skylar Stecker Blame
50%
Ariana Grande breathin
50%
Rihanna ft. SZA Consideration
50%
Toni Braxton Coping
50%
Joe Bermudez ft. Louise Carver Crazy Enough
50%
Kylie Minogue Dancing
50%
October VASSY & Lodato Doomsday
50%
Silk City & Dua Lipa Electricity
50%
The Perry Twins ft. Harper Starling Euphoria
50%
Olivia Holt Generous
50%
Ariana Grande God is a woman
50%
Marshmello & Bastille Happier
50%
R3HAB & Conor Maynard Hold On Tight
50%
Donna Summer Hot Stuff 2018
50%
Crystal Waters, Sted-E & Hybrid Heights I Am House
50%
Dua Lipa IDGAF
50%
August Diana Ross I'm Coming Out / Upside Down 2018
50%
Tony Moran ft. Jason Walker I'm In Love With You
50%
December Jack Back It Happens (Sometimes)
50%
FISHER Losing It
50%
May VASSY & Afrojack ft. Oliver Rosa Lost
50%
U2 Love is Bigger Than Anything In Its Way
50%
Lenny Kravitz Low
50%
Janet Jackson & Daddy Yankee Made For Now
50%
DJ Snake Magenta Riddim
50%
StoneBridge ft. Haley Joelle Meet in the Middle
50%
Troye Sivan My! My! My!
50%
Ariana Grande no tears left to cry
50%
Calvin Harris & Sam Smith Promises
50%
Kygo ft. Miguel Remind Me To Forget
50%
Jonas Blue ft. Jack & Jack Rise
50%
Pink Secrets
50%
Dirty Werk (Steve Smooth & DJ Bam Bam) Stand Up
50%
Kristine W Stars
50%
Metro & Nelly Furtado Sticks & Stones
50%
Barbara Tucker Think (About It)
50%
February Niall Horan Too Much to Ask
50%
Netta TOY
50%
CLiQ ft. Alika Wavey
50%
January Tom Budin & Luciana X With U
50%
April Tony Moran ft. Kimberly Davis You're Good For Me
50%
No matching quizzes found
Score Distribution
Percent of People with Each Score
Percentile by Number Answered
Your Score History
You have not taken this quiz